History Quiz

Random History or Celebrity Quiz

Famous Figures in 15 Categories Quiz Stats

 Plays Quiz Updated Feb 4, 2018

Challenge
Share
Tweet
Score 0/15 Timer 03:00
0 Plays Today
Category Figure % Correct
HistoryMargaret Thatcher
89.9%
LiteratureJ.K. Rowling
89.8%
MoviesAlfred Hitchcock
88.1%
MusicTina Turner
82%
EntertainmentWalt Disney
79%
TelevisionLucille Ball
72.1%
SportsJackie Robinson
70.2%
ReligionPope Benedict XVI
64.4%
Category Figure % Correct
ScienceNikola Tesla
59.1%
MiscellaneousHenry Ford
54%
Just For FunErnő Rubik
46.6%
HolidaySaint Patrick
45.2%
GeographyFerdinand Magellan
40.6%
LanguageNoah Webster
22.4%
GamingShigeru Miyamoto
8.3%

You're not logged in!

Compare scores with friends on all Sporcle quizzes.
OR
Log In

You Might Also Like...

Show Comments

Extras

Top Quizzes Today


Score Distribution

Your Account Isn't Verified!

In order to create a playlist on Sporcle, you need to verify the email address you used during registration. Go to your Sporcle Settings to finish the process.

Report this User

Report this user for behavior that violates our Community Guidelines.

Details: